000 02590nam a22002417 4500
999 _c1174
_d1174
003 AR-BaISA
005 20221108165346.0
007 ta
008 221108s2003 ag ad||| |||| 000 0 spa d
020 _a9872069808
040 0 4 _bspa
_cAR-BaISA
082 0 4 _222
_a617.461 059 G884
245 0 0 _aBioseguridad y control de infecciones en hemodiálisis /
_ccoordinadora Nora Grinberg
260 _a[Buenos Aires]:
_bConfederación de Asociaciones de Diálisis de la República Argentina (CADRA),
_c[2003]
300 _a312 p.:
_bil., gráfs., tablas
504 _aBibliografía al final de cada capítulo.
505 _tCarlos A. Lavorato / Introducción al Programa de Control de Infecciones --
_tErcilia Olivera, Nora Grinberg / Herramientas de epidemiología y control de infecciones en unidades de diálisis --
_tMónica López / Vigilancia epidemiológica --
_tEstela Díaz Williams / La enfermería y el espacio físico en la prestación de diálisis --
_tEdith Tabbia / Medidas de aislamiento --
_tLiliana Gasparotti / Lavado de manos en unidades de diálisis --
_tNora Grinberg, Ercilia Olivera, Marina Khoury / Lavado de manos e infección nosocomial en las unidades de diálisis --
_tLiliana Gasparotti / Higiene hospitalaria --
_tLiliana Gasparotti / Antisépticos y desinfectantes --
_tLiliana Gasparotti / Esterilización en la unidad de diálisis --
_tErnesto Sanguedolce / Alimentación en las unidades de diálisis --
_tErnesto Sanguedolce / Guías para el manejo de la ropa en unidades de diálisis --
_tEdith Tabbia / Clasificación de los residuos de establecimientos de salud --
_tEdith Tabbia / Medidas de control para microorganismos multirresistentes en las UD --
_tMaría N. Pissano, Nora Grinberg / Reprocesamiento de dializadores --
_tJaime Pérez Loredo / Desinfección de máquinas de diálisis --
_tMónica López, Nora Grinberg / Prevención de enfermedades y cuidados de catéteres --
_tCarlos A. Lavorato / Hepatitis "C" en unidades de diálisis --
_tErnesto Sanguedolce, Nora Grinberg / Hepatitis "B" en unidades de diálisis --
_tNora Grinberg / Otras endemias en unidades de diálisis (HIV - TB) --
_tNora Grinberg, Ercilia Olivera / Exposición laboral del trabajador en unidades de diálisis --
_tEdith Tabia / Prevención de la infección del sitio quirúrgico --
_tMarina Khoury / Enfermería basada en evidencia (EBE) --
_tMaría N. Pissano / Herramientas de calidad
650 1 0 _92648
_aDiálisis renal
650 1 0 _92649
_aContención de riesgos biológicos
650 1 0 _92650
_aControl de infecciones
700 1 _92647
_aGrinberg, Nora
_ecoord.
942 _2ddc
_cLI
_e22